Artefacto/ (Record no. 3966)

MARC details
000 -LEADER
campo de control de longitud fija 01424nam a22004577a 4500
003 - IDENTIFICADOR DE NÚMERO DE CONTROL
campo de control OSt
005 - FECHA Y HORA DE LA ÚLTIMA TRANSACCIÓN
campo de control 20230629084551.0
008 - DATOS DE LONGITUD FIJA--INFORMACIÓN GENERAL
campo de control de longitud fija 170318s2016 gt||||| |||| 00| 0 spa d
040 ## - FUENTE DE CATALOGACIÓN
Centro/agencia transcriptor Lado V
082 04 - NÚMERO DE LA CLASIFICACIÓN DECIMAL DEWEY
Número de clasificación 700
Número de ítem J91a
100 ## - ENTRADA PRINCIPAL--NOMBRE DE PERSONA
Nombre de persona Juarez M., Juan Bautista
9 (RLIN) 861
Término indicativo de función/relación editor
245 10 - MENCIÓN DEL TÍTULO
Título Artefacto/
Resto del título Revista de Arte y Cultura en Blanco y Negro/
260 ## - PUBLICACIÓN, DISTRIBUCIÓN, ETC.
Lugar de publicación, distribución, etc. Nicaragua
Nombre del editor, distribuidor, etc. Artes Graficas y Ediciones
Fecha de publicación, distribución, etc. 2001
300 ## - DESCRIPCIÓN FÍSICA
Extensión 62p.
Dimensiones 22x28 cm
490 ## - MENCIÓN DE SERIE
Mención de serie 19
Designación de volumen o secuencia 2001
505 ## - NOTA DE CONTENIDO CON FORMATO
Nota de contenido con formato Fe de Ratas
505 ## - NOTA DE CONTENIDO CON FORMATO
Nota de contenido con formato Amalia la Portuguesa espere visita
505 ## - NOTA DE CONTENIDO CON FORMATO
Nota de contenido con formato Buscando el reflejo en el espejo
505 ## - NOTA DE CONTENIDO CON FORMATO
Nota de contenido con formato Jigs and Lures
505 ## - NOTA DE CONTENIDO CON FORMATO
Nota de contenido con formato Xilografía
505 ## - NOTA DE CONTENIDO CON FORMATO
Nota de contenido con formato Darío y la plástica en París
505 ## - NOTA DE CONTENIDO CON FORMATO
Nota de contenido con formato Itinerario Funebre
505 ## - NOTA DE CONTENIDO CON FORMATO
Nota de contenido con formato MAO
505 ## - NOTA DE CONTENIDO CON FORMATO
Nota de contenido con formato Fidelina siempre vuelve
505 ## - NOTA DE CONTENIDO CON FORMATO
Nota de contenido con formato El toro venado
505 ## - NOTA DE CONTENIDO CON FORMATO
Nota de contenido con formato Anti-homenaje
505 ## - NOTA DE CONTENIDO CON FORMATO
Nota de contenido con formato Visión del enemigo
505 ## - NOTA DE CONTENIDO CON FORMATO
Nota de contenido con formato Centroamérica
505 ## - NOTA DE CONTENIDO CON FORMATO
Nota de contenido con formato outlawed words
505 ## - NOTA DE CONTENIDO CON FORMATO
Nota de contenido con formato Revolvición
505 ## - NOTA DE CONTENIDO CON FORMATO
Nota de contenido con formato Amor Filial
505 ## - NOTA DE CONTENIDO CON FORMATO
Nota de contenido con formato Carta desde la Habana
505 ## - NOTA DE CONTENIDO CON FORMATO
Nota de contenido con formato Suite de Tanger
505 ## - NOTA DE CONTENIDO CON FORMATO
Nota de contenido con formato Ocurrencias y veredictos
505 ## - NOTA DE CONTENIDO CON FORMATO
Nota de contenido con formato Libros y Revistas Recibidas
650 ## - PUNTO DE ACCESO ADICIONAL DE MATERIA--TÉRMINO DE MATERIA
Fuente del encabezamiento o término Tesauro de Arte & Arquitectura
Término de materia o nombre geográfico como elemento de entrada ARTE
650 ## - PUNTO DE ACCESO ADICIONAL DE MATERIA--TÉRMINO DE MATERIA
Fuente del encabezamiento o término Tesauro de Arte & Arquitectura
Término de materia o nombre geográfico como elemento de entrada CULTURA
650 ## - PUNTO DE ACCESO ADICIONAL DE MATERIA--TÉRMINO DE MATERIA
Fuente del encabezamiento o término Tesauro de Arte & Arquitectura
Término de materia o nombre geográfico como elemento de entrada LITERATURA
700 1# - ENTRADA AGREGADA--NOMBRE PERSONAL
Nombre de persona Svankmajer.
Término indicativo de función/relación ilustrador.
9 (RLIN) 5749
942 ## - ELEMENTOS DE ENTRADA SECUNDARIOS (KOHA)
Fuente del sistema de clasificación o colocación Clasificación Decimal Dewey
Tipo de ítem Koha Libros
Parte de la signatura que corresponde a la clasificación (Parte de la clasificación) 700
Parte de la signatura que identifica el ejemplar (Parte del ítem) J91a
Suprimir en OPAC No
Holdings
Estatus retirado Estado de pérdida Fuente del sistema de clasificación o colocación Especificación de materiales (volumen encuadernado u otra parte) Estado de daño No para préstamo Colección Biblioteca de origen Biblioteca actual Fecha de adquisición Enumeración/cronología de publicación seriada Número de inventario Total de préstamos Signatura topográfica completa Código de barras Visto por última vez Precio de reemplazo Tipo de ítem Koha
    Clasificación Decimal Dewey 2001     Revistas Biblioteca LadoV Biblioteca LadoV 29/06/2023 19 003544   700 J91a 003544 29/06/2023 29/06/2023 Libros